Soft force : (Record no. 20979)
[ view plain ]
| 000 -LEADER | |
|---|---|
| fixed length control field | 01503cam a22003135a 4500 |
| 001 - CONTROL NUMBER | |
| control field | 18211090 |
| 005 - DATE AND TIME OF LATEST TRANSACTION | |
| control field | 20151026101932.0 |
| 008 - FIXED-LENGTH DATA ELEMENTS--GENERAL INFORMATION | |
| fixed length control field | 140703t2015 njua frb 001 0 eng d |
| 010 ## - LIBRARY OF CONGRESS CONTROL NUMBER | |
| LC control number | 2014026014 |
| 020 ## - INTERNATIONAL STANDARD BOOK NUMBER | |
| International Standard Book Number | 9780691158495 |
| 040 ## - CATALOGING SOURCE | |
| Original cataloging agency | DLC |
| Language of cataloging | eng |
| Transcribing agency | DLC |
| Modifying agency | EG-ScBUE |
| 043 ## - GEOGRAPHIC AREA CODE | |
| Geographic area code | f-ua--- |
| 082 04 - DEWEY DECIMAL CLASSIFICATION NUMBER | |
| Classification number | 305.420962 |
| Item number | MCL |
| Edition number | 22 |
| 100 1# - MAIN ENTRY--PERSONAL NAME | |
| Personal name | McLarney, Ellen Anne. |
| 9 (RLIN) | 38570 |
| 245 10 - TITLE STATEMENT | |
| Title | Soft force : |
| Remainder of title | women in Egypt's Islamic awakening / |
| Statement of responsibility, etc | Ellen Anne McLarney. |
| 260 ## - PUBLICATION, DISTRIBUTION, ETC. (IMPRINT) | |
| Place of publication, distribution, etc | Princeton : |
| Name of publisher, distributor, etc | Princeton University Press, |
| Date of publication, distribution, etc | c.2015. |
| 300 ## - PHYSICAL DESCRIPTION | |
| Extent | xiii, 312 p. : |
| Other physical details | ill. ; |
| Dimensions | 24 cm. |
| 490 0# - Series Statement | |
| Series statement | Princeton studies in Muslim politics |
| 500 ## - GENERAL NOTE | |
| General note | Index : p. [295]-312. |
| 504 ## - BIBLIOGRAPHY, ETC. NOTE | |
| Bibliography, etc | Bibliography : p. [273]-294. |
| 505 0# - FORMATTED CONTENTS NOTE | |
| Formatted contents note | Women's liberation in Islam -- The liberation of Islamic letters: Bint al-Shatiʾ's literary license -- The redemption of women's liberation: reviving Qasim Amin -- Gendering Islamic subjectivities -- Senses of self: Niʾmat Sidqi's theology of motherhood -- Covering in the public eye: visualizing the inner -- Politics of the Islamic family -- The Islamic homeland: Iman Mustafa on women's work -- Soft force: Heba Raouf Ezzat's politics of the Islamic family -- Epilogue-fann wa-fitra: art and instinct. |
| 650 #0 - SUBJECT ADDED ENTRY--TOPICAL TERM | |
| Topical term or geographic name as entry element | Women in Islam |
| Geographic subdivision | Egypt. |
| Source of heading or term | BUEsh |
| 650 #0 - SUBJECT ADDED ENTRY--TOPICAL TERM | |
| Topical term or geographic name as entry element | Muslim women |
| General subdivision | Political activity |
| Geographic subdivision | Egypt. |
| Source of heading or term | BUEsh |
| 650 #0 - SUBJECT ADDED ENTRY--TOPICAL TERM | |
| Topical term or geographic name as entry element | Feminism |
| Geographic subdivision | Egypt. |
| Source of heading or term | BUEsh |
| 651 ## - SUBJECT ADDED ENTRY--GEOGRAPHIC NAME | |
| Source of heading or term | BUEsh |
| 653 ## - INDEX TERM--UNCONTROLLED | |
| Resource For college | BAEPS, Political Science |
| Arrived date list | October2015 |
| 655 ## - INDEX TERM--GENRE/FORM | |
| Form subdivision | Reading book |
| -- | 34232 |
| 942 ## - ADDED ENTRY ELEMENTS (KOHA) | |
| Source of classification or shelving scheme | Dewey Decimal Classification |
| Call number prefix | 305.420962 MCL |
| Withdrawn status | Item status | Source of classification or shelving scheme | Damaged status | Not for loan | Vendor | Home library | Current library | Shelving location | Date acquired | Source of acquisition | Total Checkouts | Total Renewals | Full call number | Barcode | Date last seen | Date last borrowed | Koha item type |
|---|---|---|---|---|---|---|---|---|---|---|---|---|---|---|---|---|---|
| Dewey Decimal Classification | Baccah | Central Library | Central Library | First floor | 26/10/2015 | Purchase | 3 | 10 | 305.420962 MCL | 000031115 | 15/07/2025 | 14/11/2021 | Book - Borrowing |